| 000 | 02329namaa22003377i 4500 | ||
|---|---|---|---|
| 001 | 768714001 | ||
| 003 | CO-MdFUSB | ||
| 005 | 20260224220859.0 | ||
| 007 | cr aa aaaaa | ||
| 008 | 180403s2023 ck ||||| |||| 00| 0 spa dd | ||
| 040 |
_aCO-MdFUSB _bEspañol _cCO-MdFUSB _dCO-MdFUSB |
||
| 041 | _aspa | ||
| 043 | _ack | ||
| 100 |
_aSarrazola Osorio, Jaider Andrés, _eautor |
||
| 245 |
_aResurrección : _binfluencia pastoral en el uso e interpretación de 1 Corintios 15:35-58 por Orígenes e implicaciones contemporáneas _c/ Jaider Andres Sarrazola Osorio , asesorado por Jonatan Simons _h[electrónico] |
||
| 264 | 1 |
_aMedellín, Colombia : _bFUSBC, _c2023 |
|
| 300 | _aRecurso electrónico | ||
| 336 |
_2rdacontent _atexto _btxt |
||
| 337 |
_2rdamedia _ainformático _bc |
||
| 338 |
_2rdacarrier _aremoto _bcr |
||
| 502 |
_aTrabajo de grado _b(Teología) -- _cFundación Universitaria Seminario Bíblico de Colombia, _d2023 |
||
| 504 | _aBibliografía (página 101) | ||
| 505 | _aEstructura y objetivo del presente escrito. -- 1 Corintios 15:35-58. -- Refutatio: preguntas sobre la resurrección. -- Confirmatio a: ¿un cuerpo espiritual? (36-49). -- Confirmatio b: transformación (50-57). -- Peroratio: conclusiones para la vida diaria (58). -- Contexto histórico-cultural de Orígenes en Alejandría y en Cesarea. -- Contexto geográfico de Orígenes. -- De Principiis y Contra Celsum. -- Conclusión: la doctrina de la resurrección en el cuidado pastoral. | ||
| 520 | _aEsta investigación propone la relevancia de la teología histórica de la resurrección del creyente en el ministerio pastoral colombiano del siglo XXI con base la experiencia pastoral de Orígenes evidenciada en su historia y dos textos clave: De Principiis y Contra Celsum. Con base en el texto y las interpretaciones de Orígenes, se afirma que la resurrección debe fungir un papel importante en el ministerio pastoral, dando una esperanza de restauración global, de reconciliación con Dios, da sentido a la vida actual y conecta al creyente con lo verdadero. | ||
| 630 | 0 | 7 |
_aBiblia. _pCorintios, 1ª _xCrítica, interpretación, etc |
| 650 | 7 |
_aResurrección _9214 |
|
| 653 | _aTeología histórica | ||
| 700 |
_aSimons Camacho, Jonatán, _easesor _98040 |
||
| 856 | _uhttps://repositorio.repci.co/handle/123456789/648 | ||
| 942 | _cTG | ||
| 999 |
_c69278 _d69278 |
||